[Event "SUI-ch Hauptturnier II"]
[Site "Graechen"]
[Date "1999.??.??"]
[Round "1"]
[White "Viret, Pierre"]
[Black "Schmid, Hans Rudolf"]
[Result "0-1"]
[WhiteElo "1655"]
[BlackElo "1770"]
[PlyCount "26"]
[EventDate "1999.07.??"]
[EventType "swiss"]
[EventRounds "7"]
[EventCountry "SUI"]
[SourceTitle "EXT 2002"]
[Source "ChessBase"]
[SourceDate "2001.11.25"]
[SourceVersion "1"]
[SourceVersionDate "2001.11.25"]
[SourceQuality "1"]

1. e4 g6 2. d4 Bg7 3. f4 e6 4. Nf3 d6 5. c4 c5 6. Be3 Nc6 7. Nc3 cxd4 8. Nxd4 Nge7 9. Ndb5 0-0 10. Nxd6 a6 11. c5 Qa5 12. Rc1 Rd8 13. Qa4 Bxc3+ 0-1